Financial modeling (Record no. 183734)

MARC details
000 -LEADER
fixed length control field 00643nam a2200217Ia 4500
008 - FIXED-LENGTH DATA ELEMENTS--GENERAL INFORMATION
fixed length control field 191130s2008##################000#0#eng##
020 ## - INTERNATIONAL STANDARD BOOK NUMBER
ISBN 9780262026284
082 ## - DEWEY DECIMAL CLASSIFICATION NUMBER
Classification number 332.015118 BEN
100 ## - MAIN ENTRY--AUTHOR NAME
Personal name Benninga, Simon
245 ## - TITLE STATEMENT
Title Financial modeling
Statement of responsibility, etc Simon Benninga
250 ## - EDITION STATEMENT
Edition statement 3rd ed
260 ## - PUBLICATION, DISTRIBUTION, ETC. (IMPRINT)
Place of publication Cambridge, MA
Name of publisher MIT Press
Year of publication 2008
300 ## - PHYSICAL DESCRIPTION
Number of Pages xxviii, 1132 p. : ill. ; 24 cm
500 ## - GENERAL NOTE
General note Includes bibliographical references (p. [1095]-1106) and index
650 ## - SUBJECT ADDED ENTRY--TOPICAL TERM
Topical Term Finance - Mathematical models
991 ## -
-- 444809
Holdings
Withdrawn status Lost status Damaged status Not for loan Home library Current library Shelving location Date acquired Full call number Accession Number Price effective from Koha item type
        Anna Centenary Library Anna Centenary Library 4TH FLOOR, A WING 13.10.2020 332.015118 BEN 463576 13.10.2020 English Books

Find us on the map